| 000 | 01188 a2200241 4500 | ||
|---|---|---|---|
| 020 | _a0324380151 | ||
| 020 | _a9780324380156 | ||
| 082 | 0 | 4 | _a332 |
| 090 |
_c2935 _d2935 |
||
| 100 | 1 | _aMayo, Herbert B. | |
| 245 | 1 | 0 |
_aInvestments : _ban introduction / _cHerbert B. Mayo. |
| 250 | _a8th ed. | ||
| 260 |
_a[S.l.] : _bSouth-Western College Pub, _c2005. |
||
| 300 |
_a912 p. ; _c27 cm. |
||
| 490 | 1 | _aWith thomson one - business school edition and stock-trak coupon. | |
| 500 | _aStudent Edition. | ||
| 500 | _aHardcover. | ||
| 520 | _aIdeal if you have a limited math background INVESTMENTS: AN INTRODUCTION and its accompany access to the online Thomson ONE Business School Edition online resource center focuses on the individual financial planner, features a Financial Advisor's Investment Case at the end of each chapter, and incorporates the use of financial calculators. | ||
| 830 | 0 | _aWith thomson one - business school edition and stock-trak coupon. | |
| 856 | 4 | 0 |
_3Amazon.com _uhttp://www.amazon.com/exec/obidos/ASIN/0324380151/chopaconline-20 |
| 856 | 4 | 0 |
_3Amazon customer reviews _uhttp://www.chopac.org/cgi-bin/tools/azrev.pl?q=0324380151 |
| 942 |
_aNBS _cBK _k332.6 MAY |
||
| 999 |
_c345425 _d345425 |
||